[Event "Zonal 1.2a (w)"]
[Site "Graz AUT"]
[Date "1993.03.??"]
[Round "1"]
[White "Heinatz, Gundula"]
[Black "Jurgens, Vera"]
[Result "0-1"]
[WhiteElo "2225"]
[BlackElo "2340"]
[EventDate "1993.03.11"]
[PlyCount "50"]

1.d4 d5 2.Nf3 c6 3.g3 Bf5 4.Bg2 h6 5.O-O Nd7 6.b3 e6 7.c4 Bd6 8.Ba3 Bxa3 
9.Nxa3 Ngf6 10.Rc1 Qa5 11.Nc2 Qxa2 12.Ne3 Bh7 13.cxd5 exd5 14.Ra1 Qb2 15.
Nh4 O-O 16.Nef5 Kh8 17.Qd3 c5 18.e3 cxd4 19.exd4 Rfc8 20.Qb5 Rc7 21.Ne3 
Qxd4 22.Rad1 Qb6 23.Qxb6 Nxb6 24.Nxd5 Nfxd5 25.Bxd5 Bc2 0-1

[Event "Zonal 1.2a (w)"]
[Site "Graz AUT"]
[Date "1993.03.??"]
[Round "1"]
[White "Jahn, Constanze"]
[Black "Baumann, Claude"]
[Result "1-0"]
[WhiteElo "2180"]
[BlackElo "2070"]
[EventDate "1993.03.11"]
[PlyCount "35"]

1.e4 e5 2.Nf3 d6 3.Bc4 Be7 4.d4 Nd7 5.dxe5 Nxe5 6.Nxe5 dxe5 7.Qh5 g6 8.
Qxe5 Nf6 9.Bh6 Rg8 10.f3 c6 11.Bg5 Kf8 12.Nd2 Kg7 13.Qf4 Re8 14.O-O-O Qa5 
15.e5 Nd5 16.Bxd5 Bxg5 17.Qxf7+ Kh6 18.f4 1-0

[Event "Zonal 1.2a (w)"]
[Site "Graz AUT"]
[Date "1993.03.??"]
[Round "1"]
[White "Koglin, Anke"]
[Black "Grosar, Kiti"]
[Result "1/2-1/2"]
[WhiteElo "2130"]
[BlackElo "2120"]
[EventDate "1993.03.11"]
[PlyCount "105"]

1.e4 c5 2.Nf3 d6 3.d4 cxd4 4.Nxd4 Nf6 5.Nc3 Nc6 6.Bg5 e6 7.Qd2 a6 8.O-O-O 
Bd7 9.f4 b5 10.Bxf6 gxf6 11.Nxc6 Bxc6 12.Bd3 Qb6 13.Kb1 h5 14.Qe1 O-O-O 
15.Qh4 Bg7 16.f5 Qc5 17.Rhf1 Kb7 18.Ne2 Qe3 19.Nf4 exf5 20.exf5 Bh6 21.
Rde1 Bg5 22.Rxe3 Bxh4 23.Be2 Rd7 24.Bxh5 Bg5 25.g4 Rc7 26.Ree1 Bh4 27.Rd1 
Be4 28.Nd3 d5 29.b3 Rhc8 30.Rd2 Bg5 31.Re2 Rc3 32.Kb2 Bxd3 33.cxd3 Rxd3 
34.Bxf7 d4 35.Re7+ Kb6 36.Re6+ Ka5 37.Re2 Rdc3 38.Be6 R8c7 39.h4 Bxh4 40.
Rd2 d3 41.Rfd1 Bg5 42.Rxd3 Rc2+ 43.Kb1 Bc1 44.Rd7 Rb2+ 45.Ka1 Rcc2 46.b4+ 
Rxb4 47.Bb3 Bb2+ 48.Kb1 Rf2 49.R7d2 Rxd2 50.Rxd2 Be5 51.Rg2 Rf4 52.Be6 
Rf1+ 53.Kc2 1/2-1/2

[Event "Zonal 1.2a (w)"]
[Site "Graz AUT"]
[Date "1993.03.??"]
[Round "1"]
[White "Trabert, Bettina"]
[Black "Borek, Jutta"]
[Result "1-0"]
[WhiteElo "2180"]
[BlackElo "2100"]
[EventDate "1993.03.11"]
[PlyCount "91"]

1.e4 c5 2.c3 e6 3.d4 d5 4.exd5 exd5 5.Nf3 Nc6 6.Be2 Bd6 7.dxc5 Bxc5 8.O-O 
Nge7 9.Nbd2 O-O 10.Nb3 Bb6 11.Bd3 Bf5 12.Re1 Bxd3 13.Qxd3 Qd6 14.Nbd4 Qg6 
15.Qxg6 Nxg6 16.Be3 Nxd4 17.Bxd4 Bc7 18.Kf1 a6 19.g3 Rfe8 20.Rxe8+ Rxe8 
21.Re1 Rxe1+ 22.Nxe1 Ne5 23.Ke2 f6 24.Ng2 Nc4 25.b3 Nb6 26.Ne3 Kf7 27.Bxb6
Bxb6 28.Nxd5 Bd8 29.Kd3 Ke6 30.Kd4 g5 31.g4 f5 32.f3 f4 33.c4 Kd6 34.c5+ 
Kc6 35.Kc4 Kd7 36.b4 Ke6 37.a4 h6 38.Kd4 Kd7 39.b5 Ba5 40.Ke5 Bd2 41.Nf6+ 
Kc7 42.Ne8+ Kd7 43.Nd6 axb5 44.axb5 Kc7 45.Kd5 Bc3 46.h3 1-0

[Event "Zonal 1.2a (w)"]
[Site "Graz AUT"]
[Date "1993.03.??"]
[Round "2"]
[White "Baumann, Claude"]
[Black "Koglin, Anke"]
[Result "1/2-1/2"]
[WhiteElo "2070"]
[BlackElo "2130"]
[EventDate "1993.03.11"]
[PlyCount "69"]

1.d4 Nf6 2.Nf3 g6 3.c4 c5 4.e3 Bg7 5.d5 d6 6.Nc3 O-O 7.Bd3 e6 8.dxe6 fxe6 
9.O-O Nc6 10.Qe2 Kh8 11.Rd1 Qe7 12.Ne4 d5 13.Ng3 Nb4 14.Bb1 dxc4 15.Qxc4 
e5 16.Qh4 Ng8 17.Qxe7 Nxe7 18.Ne4 b6 19.a3 Nbc6 20.Ba2 Bg4 21.Bd2 h6 22.
Bc3 Rxf3 23.gxf3 Bxf3 24.Nd6 Bxd1 25.Rxd1 Kh7 26.Nf7 b5 27.Rd7 b4 28.axb4 
cxb4 29.Bxe5 Nxe5 30.Nxe5 Bxe5 31.Rxe7+ Bg7 32.Bd5 Rd8 33.e4 Kh8 34.b3 Bd4
35.Rb7 1/2-1/2

[Event "Zonal 1.2a (w)"]
[Site "Graz AUT"]
[Date "1993.03.??"]
[Round "2"]
[White "Grosar, Kiti"]
[Black "Trabert, Bettina"]
[Result "1/2-1/2"]
[WhiteElo "2120"]
[BlackElo "2180"]
[EventDate "1993.03.11"]
[PlyCount "36"]

1.e4 e5 2.Nf3 Nc6 3.d4 exd4 4.Nxd4 Nf6 5.Nxc6 bxc6 6.e5 Qe7 7.Qe2 Nd5 8.c4
Nb6 9.Nd2 Qe6 10.b3 Bb4 11.Bb2 O-O 12.O-O-O a5 13.a4 Re8 14.Qf3 Qe7 15.Kc2
d6 16.exd6 cxd6 17.Bd3 Bd7 18.Qg3 f5 1/2-1/2

[Event "Zonal 1.2a (w)"]
[Site "Graz AUT"]
[Date "1993.03.??"]
[Round "2"]
[White "Horvath, Maria"]
[Black "Heinatz, Gundula"]
[Result "0-1"]
[WhiteElo "2075"]
[BlackElo "2225"]
[EventDate "1993.03.11"]
[PlyCount "50"]

1.Nf3 Nf6 2.g3 d5 3.b3 Bf5 4.Bb2 e6 5.Bg2 Be7 6.Nh4 Be4 7.f3 Bg6 8.Nxg6 
hxg6 9.d4 c5 10.e3 Nc6 11.c4 dxc4 12.bxc4 cxd4 13.exd4 Bb4+ 14.Kf1 O-O 15.
Na3 Nxd4 16.Qxd4 Qxd4 17.Bxd4 Bxa3 18.f4 Rac8 19.Bxa7 Rxc4 20.Bxb7 Rd8 21.
Bf3 Rc2 22.Bd1 Rcd2 23.Bf3 Rb2 24.h3 Rd3 25.Bd1 Ne4 0-1

[Event "Zonal 1.2a (w)"]
[Site "Graz AUT"]
[Date "1993.03.??"]
[Round "2"]
[White "Jurgens, Vera"]
[Black "Jahn, Constanze"]
[Result "1-0"]
[WhiteElo "2340"]
[BlackElo "2180"]
[EventDate "1993.03.11"]
[PlyCount "109"]

1.d4 Nf6 2.c4 e6 3.Nf3 b6 4.g3 Ba6 5.b3 Bb4+ 6.Bd2 Bxd2+ 7.Nbxd2 Bb7 8.Bg2
O-O 9.Qc2 d5 10.O-O Na6 11.Ne5 c5 12.dxc5 Nxc5 13.Qb2 Qe7 14.Rfd1 Rfd8 15.
Rac1 Rac8 16.Ndf3 Nfe4 17.cxd5 Bxd5 18.Bh3 Qb7 19.Nd4 Ng5 20.Bf1 f6 21.Nd3
Nxd3 22.Rxd3 Be4 23.Rdc3 e5 24.Nb5 Rxc3 25.Nxc3 Bc6 26.b4 b5 27.h4 Nf7 28.
Qb3 Kf8 29.a4 a6 30.axb5 axb5 31.Ra1 Nd6 32.Qe6 Qe7 33.Qxe7+ Kxe7 34.Ra7+ 
Rd7 35.Ra6 Rc7 36.Rb6 Kd7 37.e3 Bf3 38.Rxd6+ Kxd6 39.Nxb5+ Kc6 40.Nxc7 
Kxc7 41.Bc4 Kd6 42.Kf1 Bd5 43.Bd3 e4 44.Be2 Bb3 45.Ke1 Kd5 46.Kd2 Bc4 47.
Bd1 Bb5 48.Kc3 g5 49.Bb3+ Ke5 50.Bc4 Bc6 51.Bg8 h6 52.Kc4 gxh4 53.gxh4 f5 
54.Kc5 Bb7 55.b5 1-0

[Event "Zonal 1.2a (w)"]
[Site "Graz AUT"]
[Date "1993.03.??"]
[Round "3"]
[White "Jahn, Constanze"]
[Black "Horvath, Maria"]
[Result "1-0"]
[WhiteElo "2180"]
[BlackElo "2075"]
[EventDate "1993.03.11"]
[PlyCount "48"]

1.e4 e6 2.Nf3 d5 3.Nc3 Nf6 4.e5 Nfd7 5.d4 c5 6.dxc5 Nc6 7.Bf4 Bxc5 8.Bd3 
a6 9.O-O b5 10.Re1 Ba7 11.a3 b4 12.axb4 Nxb4 13.Bf1 O-O 14.Bg3 Qc7 15.Qd2 
Rb8 16.Nb5 axb5 17.Qxb4 Bc5 18.Qh4 b4 19.Bd3 h6 20.Bf4 Qd8 21.Qg3 Kh8 22.
Qh3 Re8 23.Bxh6 gxh6 24.Qxh6+ Kg8 1-0

[Event "Zonal 1.2a (w)"]
[Site "Graz AUT"]
[Date "1993.03.??"]
[Round "3"]
[White "Kosc, Renata"]
[Black "Borek, Jutta"]
[Result "1/2-1/2"]
[WhiteElo "2065"]
[BlackElo "2100"]
[EventDate "1993.03.11"]
[PlyCount "35"]

1.e4 c5 2.Nf3 Nc6 3.d4 cxd4 4.Nxd4 e5 5.Nb5 d6 6.N1c3 a6 7.Na3 b5 8.Nd5 
Nf6 9.Bg5 Be7 10.Nxe7 Qxe7 11.c3 Be6 12.Nc2 O-O 13.Ne3 Rfd8 14.Be2 h6 15.
Bxf6 Qxf6 16.O-O Ne7 17.Nd5 Nxd5 18.exd5 1/2-1/2

[Event "Zonal 1.2a (w)"]
[Site "Graz AUT"]
[Date "1993.03.??"]
[Round "3"]
[White "Koglin, Anke"]
[Black "Jurgens, Vera"]
[Result "0-1"]
[WhiteElo "2130"]
[BlackElo "2340"]
[EventDate "1993.03.11"]
[PlyCount "156"]

1.Nc3 d5 2.e4 dxe4 3.Nxe4 Bf5 4.Ng3 Bg6 5.h4 h6 6.Nf3 Nd7 7.d4 c6 8.h5 Bh7
9.Bd3 Bxd3 10.Qxd3 Ngf6 11.Bf4 Qa5+ 12.Bd2 Qc7 13.O-O-O O-O-O 14.Ne4 e6 
15.Nxf6 Nxf6 16.Qe2 Bd6 17.Ne5 c5 18.Nf3 c4 19.Ne5 Bxe5 20.dxe5 Nd5 21.Rh4
b5 22.Rh3 Kb8 23.Qe1 Qe7 24.Rg3 Rhg8 25.a3 Qh4 26.Ba5 Rc8 27.Bb4 c3 28.
Bd6+ Kb7 29.b3 Qxh5 30.Qe4 Rc6 31.Qd3 a6 32.Qh7 Rcc8 33.Qe4 Rc6 34.Qh7 
Rcc8 35.Qe4 Rc6 36.f4 f5 37.exf6 Rxd6 38.Rxc3 gxf6 39.Rh3 Qg6 40.Qxg6 Rxg6
41.f5 Rxg2 42.fxe6 Nf4 43.Rxd6 Nxh3 44.e7 Re2 45.Rxf6 Rxe7 46.Rxh6 Nf4 47.
Kb2 Nd5 48.Rd6 Nb6 49.Rd2 Kc6 50.Rh2 Re6 51.Rg2 Nd5 52.Rh2 a5 53.Rf2 b4 
54.Rh2 Re1 55.Rh6+ Kc5 56.Rh5 Rg1 57.Rh4 Ne3 58.axb4+ axb4 59.Rh5+ Kc6 60.
Rh6+ Kd5 61.Rh5+ Kd4 62.Rh4+ Rg4 63.Rh8 Ke4 64.Re8+ Kf3 65.Rf8+ Ke2 66.Re8
Rd4 67.Kc1 Rd1+ 68.Kb2 Rd2 69.Kb1 Rxc2 70.Rxe3+ Kxe3 71.Kxc2 Ke2 72.Kc1 
Kd3 73.Kb2 Kd2 74.Kb1 Kc3 75.Kc1 Kxb3 76.Kb1 Ka3 77.Ka1 b3 78.Kb1 b2 0-1

[Event "Zonal 1.2a (w)"]
[Site "Graz AUT"]
[Date "1993.03.??"]
[Round "3"]
[White "Trabert, Bettina"]
[Black "Baumann, Claude"]
[Result "1-0"]
[WhiteElo "2180"]
[BlackElo "2070"]
[EventDate "1993.03.11"]
[PlyCount "65"]

1.e4 e5 2.Nf3 d6 3.Bc4 Nf6 4.d4 exd4 5.Nxd4 Nbd7 6.Nc3 Ne5 7.Be2 Be7 8.O-O
c6 9.f4 Ng6 10.a4 h5 11.Nf5 Bxf5 12.exf5 Nh4 13.Bd3 Qb6+ 14.Kh1 Ng4 15.Qe1
Nh6 16.f6 gxf6 17.Qxh4 O-O-O 18.a5 Qc7 19.Be3 Kb8 20.Qf2 c5 21.Nd5 Qd7 22.
Qe2 Ng4 23.Bd2 Bf8 24.Bb5 Qf5 25.Qf3 Qxc2 26.Bc3 Bg7 27.a6 Qb3 28.Ba4 Qc4 
29.axb7 h4 30.Ne7 h3 31.Nc6+ Kc7 32.Ba5+ Kxb7 33.Nxd8+ 1-0

[Event "Zonal 1.2a (w)"]
[Site "Graz AUT"]
[Date "1993.03.??"]
[Round "4"]
[White "Grosar, Kiti"]
[Black "Kosc, Renata"]
[Result "1-0"]
[WhiteElo "2120"]
[BlackElo "2065"]
[EventDate "1993.03.11"]
[PlyCount "95"]

1.e4 c5 2.Nf3 e6 3.d4 cxd4 4.Nxd4 a6 5.Nc3 Nc6 6.Be2 Qc7 7.O-O Nf6 8.Be3 
Bb4 9.Na4 O-O 10.Nxc6 bxc6 11.Nb6 Rb8 12.Nxc8 Rfxc8 13.Bxa6 Rd8 14.Bd3 Bd6
15.f4 e5 16.Bc1 exf4 17.Qf3 Be5 18.Bxf4 Rxb2 19.Bxe5 Qxe5 20.Qf5 Qxf5 21.
Rxf5 Ra8 22.a3 Ra4 23.e5 Ng4 24.g3 Ne3 25.Rf2 Ra5 26.Re2 Ng4 27.Rae1 g6 
28.h3 Nh6 29.Ra1 Nf5 30.Bxf5 gxf5 31.Kf2 Rc5 32.Kf3 Rcxc2 33.Rxc2 Rxc2 34.
a4 Rb2 35.a5 Rb7 36.a6 Ra7 37.Ke3 f6 38.Kd4 Kf7 39.e6+ Kxe6 40.Kc5 d5 41.
Kxc6 d4 42.Re1+ Kf7 43.Kb6 Ra8 44.a7 Kg6 45.Rd1 f4 46.gxf4 Rd8 47.Kc7 Re8 
48.Rxd4 1-0

[Event "Zonal 1.2a (w)"]
[Site "Graz AUT"]
[Date "1993.03.??"]
[Round "4"]
[White "Heinatz, Gundula"]
[Black "Jahn, Constanze"]
[Result "0-1"]
[WhiteElo "2225"]
[BlackElo "2180"]
[EventDate "1993.03.11"]
[PlyCount "83"]

1.d4 b5 2.Bf4 Nf6 3.e3 Bb7 4.Nf3 a6 5.c4 bxc4 6.Bxc4 e6 7.O-O Be7 8.Nc3 d5
9.Bd3 O-O 10.Na4 Nc6 11.Rc1 Nh5 12.Nc5 Bxc5 13.Rxc5 Nxf4 14.exf4 h6 15.Bb1
Qd6 16.Ne5 f5 17.Re1 Nxe5 18.Rxe5 Qb6 19.Re3 Bc8 20.Rb3 Qd6 21.Qc1 Rf7 22.
Bd3 Qd8 23.Ra3 Qf6 24.Qc3 Qh4 25.g3 Qe7 26.Qe1 g5 27.Qe5 Rg7 28.fxg5 hxg5 
29.Rxd5 Bb7 30.Rc5 Rh7 31.g4 Qd6 32.gxf5 Rh4 33.Bc4 Rg4+ 34.Rg3 Qxe5 35.
Rxe5 Rxd4 36.Bxe6+ Kf8 37.Re1 g4 38.f6 Bf3 39.h3 Rad8 40.hxg4 Rd1 41.Rxf3 
Rxe1+ 42.Kg2 0-1

[Event "Zonal 1.2a (w)"]
[Site "Graz AUT"]
[Date "1993.03.??"]
[Round "4"]
[White "Horvath, Maria"]
[Black "Koglin, Anke"]
[Result "1/2-1/2"]
[WhiteElo "2075"]
[BlackElo "2130"]
[EventDate "1993.03.11"]
[PlyCount "73"]

1.Nf3 Nf6 2.g3 g6 3.b3 Bg7 4.Bb2 d5 5.c4 dxc4 6.bxc4 O-O 7.Bg2 c5 8.O-O 
Nc6 9.d3 Bg4 10.Nbd2 Rc8 11.Nb3 b6 12.h3 Bd7 13.Qd2 Re8 14.Ne5 Nxe5 15.
Bxe5 Bc6 16.a4 Qd7 17.Bxc6 Qxc6 18.Kh2 h5 19.f4 Red8 20.Qe3 Qe6 21.Qf3 Ne8
22.Bxg7 Nxg7 23.g4 Qf6 24.Nd2 hxg4 25.hxg4 Ne6 26.Ne4 Qg7 27.Rae1 Nd4 28.
Qh3 Rc6 29.Rg1 a6 30.Rg3 b5 31.axb5 axb5 32.cxb5 Nxb5 33.Qh4 Rd7 34.Rb1 
Rb7 35.Kg2 Rcc7 36.f5 Nd4 37.f6 1/2-1/2

[Event "Zonal 1.2a (w)"]
[Site "Graz AUT"]
[Date "1993.03.??"]
[Round "4"]
[White "Jurgens, Vera"]
[Black "Trabert, Bettina"]
[Result "0-1"]
[WhiteElo "2340"]
[BlackElo "2180"]
[EventDate "1993.03.11"]
[PlyCount "64"]

1.d4 Nf6 2.c4 e6 3.Nc3 d5 4.cxd5 exd5 5.Bg5 Bb4 6.Qb3 Bxc3+ 7.bxc3 Nbd7 8.
e3 O-O 9.Nf3 c5 10.Nd2 Qa5 11.Be2 Re8 12.Qc2 cxd4 13.exd4 Ne4 14.Nxe4 Rxe4
15.O-O h6 16.Be3 Nf6 17.Bd3 Re7 18.Bf4 Bd7 19.Bd6 Re6 20.Bb4 Qc7 21.Rac1 
Rc8 22.Qb3 Qf4 23.h3 Ne4 24.Qxd5 Bc6 25.Qh5 Rg6 26.d5 Rg5 27.Qe2 Nd2 28.
Rfd1 Rxg2+ 29.Kxg2 Bxd5+ 30.Kg1 Qg5+ 31.Qg4 Nf3+ 32.Kg2 Ne5+ 0-1

[Event "Zonal 1.2a (w)"]
[Site "Graz AUT"]
[Date "1993.03.??"]
[Round "5"]
[White "Borek, Jutta"]
[Black "Grosar, Kiti"]
[Result "1-0"]
[WhiteElo "2100"]
[BlackElo "2120"]
[EventDate "1993.03.11"]
[PlyCount "82"]

1.c4 Nf6 2.g3 g6 3.Bg2 Bg7 4.Nc3 O-O 5.Rb1 d6 6.e4 c6 7.Nge2 Nbd7 8.d4 e5 
9.O-O Qb6 10.dxe5 dxe5 11.b4 Qc7 12.c5 b6 13.cxb6 Nxb6 14.Qc2 Rd8 15.Nd1 
Be6 16.Ne3 Ng4 17.b5 Rac8 18.h3 Nxe3 19.Bxe3 Nc4 20.Bc1 cxb5 21.Rxb5 Qd7 
22.Qb1 Nb6 23.Ra5 Bc4 24.Bf3 Bd3 25.Qb3 Bc4 26.Qb1 Bd3 27.Qb3 Qc7 28.Be3 
Bc4 29.Qb1 Bf8 30.Rc1 Qd7 31.Nc3 Qxh3 32.Rxa7 Nd7 33.Bg2 Qe6 34.a4 Ba3 35.
Rd1 Bb3 36.Nd5 Bxd1 37.Qxd1 Nc5 38.Qf3 Kg7 39.Re7 Rxd5 40.Rxe6 fxe6 41.
exd5 Rf8 1-0

[Event "Zonal 1.2a (w)"]
[Site "Graz AUT"]
[Date "1993.03.??"]
[Round "5"]
[White "Kosc, Renata"]
[Black "Baumann, Claude"]
[Result "1/2-1/2"]
[WhiteElo "2065"]
[BlackElo "2070"]
[EventDate "1993.03.11"]
[PlyCount "133"]

1.e4 e5 2.Bc4 Nf6 3.d3 Bc5 4.Nc3 c6 5.Nf3 d6 6.h3 b5 7.Bb3 a5 8.a3 O-O 9.
O-O Be6 10.Bxe6 fxe6 11.Kh2 Qe8 12.Be3 Nbd7 13.d4 exd4 14.Bxd4 Rd8 15.Qe2 
Nh5 16.Bxc5 Nxc5 17.b4 Nd7 18.g3 Nb6 19.Nd2 a4 20.f4 Nf6 21.Rae1 h5 22.Kg2
e5 23.Rf2 exf4 24.Rxf4 Qg6 25.Qf2 Nfd7 26.Ne2 c5 27.c3 Ne5 28.bxc5 dxc5 
29.Rf1 Nbd7 30.Qe3 Nf6 31.Nc1 c4 32.Rf5 Nd3 33.Ne2 Rfe8 34.Nd4 Nd5 35.Qf3 
Nxc3 36.Nxb5 Nxb5 37.Rxb5 Ne5 38.Qf4 Rf8 39.Qxe5 Rxd2+ 40.Kg1 Rxf1+ 41.
Kxf1 Qf7+ 42.Qf4 Qxf4+ 43.gxf4 Rd3 44.Rc5 Rxa3 45.Rxc4 Rxh3 46.Rxa4 Rf3+ 
47.Ke2 Rxf4 48.Ke3 Rf1 49.Ra5 g6 50.Ra6 Kg7 51.e5 h4 52.Ra7+ Rf7 53.Ra4 g5
54.Ra1 Kg6 55.Ke4 h3 56.e6 Rh7 57.Rh1 Kf6 58.Kf3 Kxe6 59.Kg4 Kf6 60.Rxh3 
Rxh3 61.Kxh3 Kf5 62.Kg3 g4 63.Kg2 Kf4 64.Kf2 g3+ 65.Kg2 Kg4 66.Kg1 Kf3 67.
Kf1 1/2-1/2

[Event "Zonal 1.2a (w)"]
[Site "Graz AUT"]
[Date "1993.03.??"]
[Round "5"]
[White "Koglin, Anke"]
[Black "Heinatz, Gundula"]
[Result "1/2-1/2"]
[WhiteElo "2130"]
[BlackElo "2225"]
[EventDate "1993.03.11"]
[PlyCount "34"]

1.e4 e6 2.d4 d5 3.Nc3 dxe4 4.Nxe4 Bd7 5.Nf3 Bc6 6.Ng3 Nd7 7.Be2 Ngf6 8.O-O
Be7 9.c4 O-O 10.b3 Bxf3 11.Bxf3 c6 12.Bb2 Qa5 13.Qc2 Rad8 14.a3 Rfe8 15.
Rfe1 Bd6 16.Rad1 Qg5 17.Bc1 Qh4 1/2-1/2

[Event "Zonal 1.2a (w)"]
[Site "Graz AUT"]
[Date "1993.03.??"]
[Round "5"]
[White "Trabert, Bettina"]
[Black "Horvath, Maria"]
[Result "1/2-1/2"]
[WhiteElo "2180"]
[BlackElo "2075"]
[EventDate "1993.03.11"]
[PlyCount "45"]

1.e4 e6 2.d3 d5 3.Nd2 Nf6 4.g3 c5 5.Bg2 Nc6 6.Ngf3 b6 7.O-O Bb7 8.Re1 Be7 
9.c3 Qc7 10.e5 Nd7 11.Qe2 g5 12.h3 h5 13.g4 hxg4 14.hxg4 O-O-O 15.Nf1 d4 
16.cxd4 Nxd4 17.Nxd4 Bxg2 18.Kxg2 cxd4 19.Bd2 Kb8 20.b4 Nf8 21.Rac1 Qb7+ 
22.Qe4 Rd5 23.Nh2 1/2-1/2

[Event "Zonal 1.2a (w)"]
[Site "Graz AUT"]
[Date "1993.03.??"]
[Round "6"]
[White "Baumann, Claude"]
[Black "Borek, Jutta"]
[Result "1-0"]
[WhiteElo "2070"]
[BlackElo "2100"]
[EventDate "1993.03.11"]
[PlyCount "109"]

1.d4 Nf6 2.c4 e6 3.Nf3 Bb4+ 4.Nbd2 d5 5.e3 O-O 6.Be2 b6 7.O-O Be7 8.Qc2 
Bb7 9.Ne5 c5 10.Bf3 Nbd7 11.Nxd7 Qxd7 12.dxc5 bxc5 13.cxd5 exd5 14.Rd1 Bd6
15.Nf1 Qc7 16.h3 Be5 17.Rb1 Ne4 18.Bd2 f5 19.Bc3 Bd6 20.Qb3 Rad8 21.Rbc1 
c4 22.Ba5 Qf7 23.Qa4 Rc8 24.Bb4 Bxb4 25.Qxb4 Nc5 26.Qxb7 Nxb7 27.Bxd5 a5 
28.Bxf7+ Rxf7 29.Rd4 Rfc7 30.Ng3 g6 31.Ne2 Kf7 32.Nf4 Nd8 33.Rd5 Ra8 34.
Rcd1 Ke7 35.Rxd8 Rxd8 36.Rxd8 Kxd8 37.Ne6+ Kd7 38.Nxc7 Kxc7 39.Kf1 Kc6 40.
Ke2 Kb5 41.Kd2 h6 42.Kc3 Kc5 43.h4 g5 44.hxg5 hxg5 45.f3 Kd5 46.a3 g4 47.
a4 g3 48.b3 cxb3 49.Kxb3 f4 50.exf4 Ke6 51.Kc4 Kf5 52.Kd4 Kxf4 53.Kd3 Ke5 
54.Ke3 Kd5 55.f4 1-0

[Event "Zonal 1.2a (w)"]
[Site "Graz AUT"]
[Date "1993.03.??"]
[Round "6"]
[White "Heinatz, Gundula"]
[Black "Trabert, Bettina"]
[Result "1/2-1/2"]
[WhiteElo "2225"]
[BlackElo "2180"]
[EventDate "1993.03.11"]
[PlyCount "68"]

1.c4 e6 2.g3 d5 3.Bg2 c6 4.b3 Nf6 5.Nf3 Bd6 6.d4 Nbd7 7.O-O O-O 8.Nc3 Qe7 
9.Qc2 h6 10.Bb2 dxc4 11.bxc4 e5 12.e3 Re8 13.Rad1 a6 14.Nd2 Nf8 15.d5 Bg4 
16.f3 Bd7 17.Nde4 Nxe4 18.Nxe4 cxd5 19.Nxd6 Qxd6 20.cxd5 Rac8 21.Qd2 Bb5 
22.Rfe1 Nd7 23.Bh3 Rc7 24.Rc1 Rxc1 25.Rxc1 Nb6 26.e4 Nc4 27.Qf2 Qb4 28.Ba1
a5 29.Kg2 Ba6 30.Bc3 Qa3 31.Rc2 Qa4 32.Rc1 Qa3 33.Rc2 Qa4 34.Rc1 Qa3 
1/2-1/2

[Event "Zonal 1.2a (w)"]
[Site "Graz AUT"]
[Date "1993.03.??"]
[Round "6"]
[White "Jahn, Constanze"]
[Black "Koglin, Anke"]
[Result "1-0"]
[WhiteElo "2180"]
[BlackElo "2130"]
[EventDate "1993.03.11"]
[PlyCount "109"]

1.e4 Nf6 2.e5 Nd5 3.d4 d6 4.Nf3 g6 5.Bc4 Nb6 6.Bb3 Bg7 7.a4 a5 8.Ng5 e6 9.
Qf3 Qe7 10.exd6 cxd6 11.c3 N8d7 12.O-O Nf6 13.Na3 O-O 14.Nb5 h6 15.Ne4 
Nxe4 16.Qxe4 Kh7 17.Bf4 e5 18.Rfe1 f5 19.Qe3 g5 20.dxe5 gxf4 21.Qxb6 dxe5 
22.f3 Ra6 23.Qf2 Rg6 24.Rad1 Kh8 25.Bd5 Be6 26.Bxe6 Rxe6 27.Qd2 Qg5 28.Nc7
Rg6 29.Nd5 Rd8 30.Qf2 Rg8 31.h4 Qd8 32.Nxf4 Rd6 33.Ne6 Qd7 34.Rxd6 Qxd6 
35.Nxg7 Rxg7 36.Qe3 Qg6 37.Re2 Re7 38.Qc5 Qf6 39.Qxa5 Qd6 40.Qb5 e4 41.
Qxf5 e3 42.Qc8+ Kh7 43.Qc4 Qd1+ 44.Kh2 Qd6+ 45.f4 Qd1 46.a5 Qd8 47.Qd4 Qe8
48.g3 Re4 49.Qd5 Re7 50.Qd3+ Kg7 51.b4 Re6 52.b5 Qe7 53.a6 bxa6 54.bxa6 
Kg8 55.Qd5 1-0

[Event "Zonal 1.2a (w)"]
[Site "Graz AUT"]
[Date "1993.03.??"]
[Round "6"]
[White "Jurgens, Vera"]
[Black "Kosc, Renata"]
[Result "1-0"]
[WhiteElo "2340"]
[BlackElo "2065"]
[EventDate "1993.03.11"]
[PlyCount "51"]

1.d4 f5 2.c4 Nf6 3.Nc3 e6 4.Bg5 Bb4 5.Qc2 O-O 6.Nf3 Qe8 7.Bxf6 Rxf6 8.e3 
d6 9.O-O-O Bxc3 10.Qxc3 Qa4 11.a3 a5 12.Bd3 Bd7 13.Bc2 Qc6 14.d5 exd5 15.
Rxd5 Qb6 16.c5 dxc5 17.Rhd1 Rd6 18.Rxd6 cxd6 19.Qc4+ d5 20.Qxd5+ Be6 21.
Qd8+ Qxd8 22.Rxd8+ Kf7 23.Ng5+ Ke7 24.Nxe6 Kxe6 25.Bb3+ Ke7 26.Rg8 1-0

[Event "Zonal 1.2a (w)"]
[Site "Graz AUT"]
[Date "1993.03.??"]
[Round "7"]
[White "Borek, Jutta"]
[Black "Jurgens, Vera"]
[Result "0-1"]
[WhiteElo "2100"]
[BlackElo "2340"]
[EventDate "1993.03.11"]
[PlyCount "54"]

1.c4 b6 2.Nc3 c5 3.Nf3 Bb7 4.e3 g6 5.b3 Bg7 6.Bb2 Nh6 7.Qc2 O-O 8.h4 e6 9.
Rd1 Nf5 10.h5 Nc6 11.a3 Ne5 12.Nxe5 Bxe5 13.Ne2 Bxb2 14.Qxb2 d6 15.Nf4 g5 
16.h6 gxf4 17.Bd3 f6 18.Bxf5 exf5 19.Rh5 Qd7 20.f3 Rae8 21.Kf2 Kf7 22.Qc2 
Bc8 23.Qd3 Rg8 24.exf4 Rg6 25.Rg1 d5 26.g4 dxc4 27.Qxc4+ Kf8 0-1

[Event "Zonal 1.2a (w)"]
[Site "Graz AUT"]
[Date "1993.03.??"]
[Round "7"]
[White "Grosar, Kiti"]
[Black "Baumann, Claude"]
[Result "1-0"]
[WhiteElo "2120"]
[BlackElo "2070"]
[EventDate "1993.03.11"]
[PlyCount "87"]

1.e4 e5 2.f4 d5 3.exd5 exf4 4.Bb5+ Bd7 5.Qe2+ Qe7 6.Bxd7+ Nxd7 7.d4 Ngf6 
8.c4 O-O-O 9.Qxe7 Bxe7 10.Ne2 Bb4+ 11.Bd2 Bxd2+ 12.Kxd2 Nb6 13.Kd3 Rhe8 
14.Nxf4 Ng4 15.Kc3 Re3+ 16.Kb4 Re4 17.g3 Rxd4 18.Na3 Ne3 19.Kc3 Re4 20.Kd3
Rde8 21.Ne6 Rg4 22.Nxg7 Rxg7 23.Rae1 Na4 24.Rxe3 Nxb2+ 25.Kd2 Rd8 26.Re7 
Na4 27.Rb1 a6 28.Nc2 h5 29.Ne3 Nc5 30.Rf1 c6 31.Rfxf7 Rxf7 32.Rxf7 Ne4+ 
33.Kd3 Nc5+ 34.Kd4 b6 35.Rh7 Re8 36.Nf5 Re2 37.Rxh5 Rxa2 38.Rh8+ Kd7 39.
Rh7+ Kd8 40.dxc6 Rd2+ 41.Ke3 Rd3+ 42.Ke2 Rc3 43.Nd6 Ne6 44.Rd7# 1-0

[Event "Zonal 1.2a (w)"]
[Site "Graz AUT"]
[Date "1993.03.??"]
[Round "7"]
[White "Kosc, Renata"]
[Black "Horvath, Maria"]
[Result "1/2-1/2"]
[WhiteElo "2065"]
[BlackElo "2075"]
[EventDate "1993.03.11"]
[PlyCount "41"]

1.e4 e6 2.d4 d5 3.Nd2 dxe4 4.Nxe4 Bd7 5.Nf3 Bc6 6.Bd3 Nd7 7.O-O h6 8.Qe2 
Ngf6 9.Ng3 Be7 10.c4 Bxf3 11.Qxf3 c6 12.Bd2 Qb6 13.Bc3 O-O 14.b3 Rfe8 15.
Rad1 Rad8 16.Bb1 Bb4 17.Bb2 Qa5 18.Qe2 Bc3 19.Bxc3 Qxc3 20.Rd3 Qa5 21.Ne4 
1/2-1/2

[Event "Zonal 1.2a (w)"]
[Site "Graz AUT"]
[Date "1993.03.??"]
[Round "7"]
[White "Trabert, Bettina"]
[Black "Jahn, Constanze"]
[Result "0-1"]
[WhiteElo "2180"]
[BlackElo "2180"]
[EventDate "1993.03.11"]
[PlyCount "76"]

1.e4 c5 2.c3 d5 3.exd5 Qxd5 4.d4 Nc6 5.Nf3 Bg4 6.Be2 e6 7.O-O Nf6 8.Be3 
cxd4 9.cxd4 Be7 10.Nc3 Qa5 11.a3 O-O 12.b4 Qd8 13.h3 Bh5 14.Ne5 Bxe2 15.
Nxe2 Nd5 16.Bd2 Nxe5 17.dxe5 Qc7 18.f4 Rfd8 19.Qb3 Qb6+ 20.Kh1 Nxb4 21.
Bxb4 a5 22.f5 axb4 23.f6 Bf8 24.axb4 Rxa1 25.Rxa1 Qxb4 26.Qxb4 Bxb4 27.Rb1
Bc5 28.Rxb7 gxf6 29.Rc7 Rd1+ 30.Kh2 Bf8 31.Nc3 Rc1 32.Kg3 fxe5 33.Kf3 Bd6 
34.Rc8+ Kg7 35.Rc4 f5 36.g4 e4+ 37.Ke2 Be5 38.Kd2 Rxc3 0-1

[Event "Zonal 1.2a (w)"]
[Site "Graz AUT"]
[Date "1993.03.??"]
[Round "8"]
[White "Heinatz, Gundula"]
[Black "Kosc, Renata"]
[Result "1-0"]
[WhiteElo "2225"]
[BlackElo "2065"]
[EventDate "1993.03.11"]
[PlyCount "94"]

1.d4 f5 2.g3 Nf6 3.Bg2 e6 4.Nf3 Be7 5.c4 O-O 6.O-O d6 7.Nc3 Nc6 8.a3 Ne4 
9.Qc2 Nxc3 10.Qxc3 a5 11.Be3 Bf6 12.Rfd1 e5 13.dxe5 Nxe5 14.Nxe5 Bxe5 15.
Bd4 Bxd4 16.Rxd4 Qe7 17.e3 a4 18.Rad1 Ra6 19.Bd5+ Kh8 20.Rh4 Qf6 21.Qxf6 
Rxf6 22.c5 g5 23.Rc4 Be6 24.Bxe6 Rxe6 25.cxd6 Rexd6 26.Rxd6 Rxd6 27.Rxc7 
Rb6 28.Rc4 Rxb2 29.Rxa4 Ra2 30.Ra5 h6 31.Rxf5 Rxa3 32.Rb5 Ra7 33.Rb6 Kg7 
34.h3 h5 35.Kg2 Kh7 36.e4 Kg7 37.e5 Kf7 38.Kf3 Ra5 39.Ke4 Ra4+ 40.Kf5 g4 
41.Rxb7+ Ke8 42.hxg4 hxg4 43.Rb2 Ke7 44.Rb7+ Ke8 45.Rg7 Ra2 46.Rxg4 Rxf2+ 
47.Ke6 Kf8 1-0

[Event "Zonal 1.2a (w)"]
[Site "Graz AUT"]
[Date "1993.03.??"]
[Round "8"]
[White "Horvath, Maria"]
[Black "Borek, Jutta"]
[Result "0-1"]
[WhiteElo "2075"]
[BlackElo "2100"]
[EventDate "1993.03.11"]
[PlyCount "86"]

1.d4 Nf6 2.c4 e6 3.a3 d5 4.Nc3 Be7 5.Bg5 O-O 6.e3 c6 7.Nf3 Ne4 8.Bxe7 Qxe7
9.Qc2 f5 10.Ne5 Nd7 11.Nxd7 Bxd7 12.Bd3 Be8 13.O-O g5 14.f3 Nf6 15.e4 dxe4
16.fxe4 Ng4 17.e5 Ne3 18.Qf2 Nxf1 19.Rxf1 Bg6 20.Bb1 Kg7 21.Qe2 Rad8 22.
Rd1 Rfe8 23.Kh1 Qf7 24.Rd2 Re7 25.b4 Qe8 26.Qf2 h6 27.g4 Qf7 28.gxf5 Bxf5 
29.Bxf5 Qxf5 30.Qxf5 exf5 31.Rd1 f4 32.Kg2 b6 33.Kf3 Kg6 34.h3 Kf5 35.a4 
h5 36.b5 g4+ 37.hxg4+ hxg4+ 38.Kf2 c5 39.Nd5 Rh7 40.dxc5 Rh2+ 41.Kg1 Rdh8 
42.Rf1 Rh1+ 43.Kf2 g3+ 0-1